Estado y mercado: (Registro nro. 30957)
[ vista simple ]
| 000 -CABECERA | |
|---|---|
| campo de control de longitud fija | 00526nam a22001817a 4500 |
| 008 - CÓDIGOS DE INFORMACIÓN DE LONGITUD FIJA | |
| fixed length control field | 250219b |||||||| |||| 00| 0 spa d |
| 020 ## - NÚMERO INTERNACIONAL NORMALIZADO PARA LIBROS | |
| ISBN | 9509122939 |
| 022 ## - NUMERO INTERNACIONAL NORMALIZADO PUBLICACIONES SERIADAS | |
| Fuente | 9509122939 |
| 040 ## - Fuente de catalogación | |
| Agencia original de catalogación | CO-JMCR |
| Lenguaje de catalogación | spa |
| Agencia de transcripción | CO-JMCR |
| Agencia de modificación | CO-JMCR |
| Convenciones de descripción | rda |
| 041 0# - CÓDIGO DE LENGUA | |
| Código idioma | spa |
| 082 04 - NÚMERO DE LA CLASIFICACIÓN DECIMAL DEWEY | |
| Número de clasificación Decimal | 330 |
| Número de documento (Cutter) | B42 |
| 100 1# - PUNTO DE ACCESO PRINCIPAL-NOMBRE DE PERSONA | |
| Término de función/relación | autor |
| Nombre personal | Beker, Víctor A., |
| 9 (RLIN) | 44099 |
| 245 10 - TÍTULO PROPIAMENTE DICHO | |
| Título | Estado y mercado: |
| Parte restante del título | Verdaderas y falsas antinomias / |
| Mención de responsabilidad, etc. | Víctor A. Beker |
| 250 ## - DECLARACIÓN DE EDICIÓN | |
| Declaración de edición | 1° Edición |
| 264 ## - PRODUCCION, PUBLICACION, DISTRIBUCION, COPYRIGHT | |
| Lugar de producción, publicación, distribución, etc | Buenos aires : |
| Nombre del editor, productor, distribuidor, etc | Ariel, |
| Fecha de producción, publicación, distribución, copyright | 2005. |
| 300 ## - DESCRIPCIÓN FÍSICA | |
| Extensión | 168 páginas: |
| Dimensiones | 23 cm. |
| Withdrawn status | Lost status | Source of classification or shelving scheme | Damaged status | Not for loan | Collection code | Home library | Current library | Shelving location | Date acquired | Source of acquisition | Total Checkouts | Full call number | Barcode | Date last seen | Copy number | Price effective from | Koha item type |
|---|---|---|---|---|---|---|---|---|---|---|---|---|---|---|---|---|---|
| Dewey Decimal Classification | Non-fiction | Biblioteca Pública José María del Castillo y Rada | Biblioteca Pública José María del Castillo y Rada | Book Cart | 01/15/2024 | Donación | 330 B42 | 201812368 | 02/19/2025 | Ej.1 | 02/19/2025 | Books |